Islam Without Allah? Rise of Religious Externalism in Safavid Iran. (Record no. 9706)

MARC details
000 -LEADER
fixed length control field 00712nam a2200265 a 4500
020 ## - INTERNATIONAL STANDARD BOOK NUMBER
ISBN 0700772
082 00 - DEWEY DECIMAL CLASSIFICATION NUMBER
Classification number 297.82
Author Cutter TUR
100 ## - MAIN ENTRY--AUTHOR NAME
Author name Turner, Colin
245 ## - TITLE STATEMENT
Title Islam Without Allah? Rise of Religious Externalism in Safavid Iran.
260 ## - PUBLICATION, DISTRIBUTION, ETC. (IMPRINT)
Place of publication London
Name of publisher Curzon Press
Year of publication 2000
300 ## - PHYSICAL DESCRIPTION
Number of Pages 272p
500 ## - GENERAL NOTE
General note includes index and biblioraphy
505 2# - FORMATTED CONTENTS NOTE
Formatted contents note Selected Bibliography, Index
650 ## - SUBJECT ADDED ENTRY--TOPICAL TERM
Topical Term Shiah-Iran-Safavid
650 ## - SUBJECT ADDED ENTRY--TOPICAL TERM
Topical Term Islam-History-Safavid
650 ## - SUBJECT ADDED ENTRY--TOPICAL TERM
Topical Term Iran-Safavid
942 ## - ADDED ENTRY ELEMENTS (KOHA)
Koha item type Books
700 1# -
-- Turner, Colin
Holdings
Collection code Home library Current library Date acquired Cost, normal purchase price Full call number Accession Number Koha item type
  Henry Martyn Institute Library Henry Martyn Institute Library 06/28/2007 3222.00 297.82 TUR 019990 Books
                   Copyright © 2026 | Henry Martyn Institute | Hyderabad | TS-500052 | INDIA | Implemented by hmi.edu.in
Hit-Count:

Powered by Koha